Red Bull F1 Drivers - Click Quiz - Statistics

General Stats
  • This quiz has been taken 41 times
  • The average score is 13 of 15
Answer Stats
Hint Answer % Correct
Max Verstappen Drove for Red Bull
100%
Daniel Ricciardo Drove for Red Bull
100%
Sebastian Vettel Drove for Red Bull
100%
Alexander Albon Drove for Red Bull
100%
George Russell Did Not Drive for Red Bull
97%
Lewis Hamilton Did Not Drive for Red Bull
94%
Liam Lawson Drove for Red Bull
94%
James Hunt Did Not Drive for Red Bull
91%
James Hunt Did Not Drive for Red Bull
91%
Enrique Bernoldi Did Not Drive for Red Bull
88%
Pierre Gasly Drove for Red Bull
88%
David Coulthard Drove for Red Bull
84%
David Coulthard Drove for Red Bull
81%
Arvid Lindblad Did Not Drive for Red Bull
78%
Carlos Sainz Did Not Drive for Red Bull
63%
No matching quizzes found
Score Distribution
Percent of People with Each Score
Percentile by Number Answered
Your Score History
You have not taken this quiz